000 00469nam a2200169Ia 4500
005 20250326130613.0
008 250326s9999 xx 000 0 und d
037 _aTextbook
040 _aFMSL
_beng
_cFMSL
041 _aeng
_2eng
084 _aX:89ZB Q2
_qFMSL
100 _aPatel I G
245 0 _aOf economics, policy and development
_cPatel I G
260 _aN
_bN, D Oxford University
_c2012
942 _cTB
_hX:89ZB Q2
999 _c1283275
_d1283275